[Event "M.Chigorin Memorial 2013"]
[Site "St. Petersburg"]
[Date "2013.10.10"]
[Round "6.111"]
[White "Mamyrbay, Assad"]
[Black "Sorokina, Svetlana"]
[Result "1-0"]
[WhiteElo "1888"]
[BlackElo "1716"]
[PlyCount "79"]
[EventDate "2013.10.05"]

1. e4 c5 2. Nf3 e6 3. d4 cxd4 4. Nxd4 Nc6 5. Nb5 d6 6. c4 a6 7. N5a3 Nf6 8. Nc3
b6 9. Be3 Be7 10. Be2 Bd7 11. O-O O-O 12. f4 Na5 13. b4 Nb7 14. Nc2 Bc6 15. Qd4
d5 16. cxd5 exd5 17. e5 Ne4 18. Nxe4 dxe4 19. Qxb6 Qxb6 20. Bxb6 Ba4 21. Rfc1
Rfc8 22. Ne3 Rxc1+ 23. Rxc1 Bxb4 24. Nd5 Bd2 25. Rc4 Bb5 26. Rxe4 Nd8 27. Bxb5
axb5 28. Rd4 Ba5 29. Bxa5 Rxa5 30. Nc3 Ne6 31. Rd5 g6 32. g3 Ra3 33. Nxb5 Rxa2
34. Rd7 Nc5 35. Rd8+ Kg7 36. Nd6 Ra7 37. Ne8+ Kh6 38. Nf6 Ne6 39. Rh8 g5 40. f5
1-0

[Event "M.Chigorin Memorial 2013"]
[Site "St. Petersburg"]
[Date "2013.10.10"]
[Round "6.112"]
[White "Mokshanov, Igor"]
[Black "Elizarova, Taisia"]
[Result "1-0"]
[WhiteElo "1888"]
[BlackElo "1715"]
[PlyCount "71"]
[EventDate "2013.10.05"]

1. e4 e6 2. d4 d5 3. e5 c5 4. c3 Qb6 5. Nf3 Nc6 6. a3 Nh6 7. b4 cxd4 8. cxd4
Nf5 9. Bb2 Bd7 10. Be2 Be7 11. O-O O-O 12. Bd3 f6 13. Bxf5 exf5 14. Nc3 Be6 15.
Na4 Qb5 16. Nc5 Bxc5 17. dxc5 fxe5 18. Nxe5 Nxe5 19. Bxe5 a5 20. Qd4 Rf7 21.
Rfe1 Qd7 22. Rab1 axb4 23. axb4 Re8 24. f4 Qb5 25. Rbc1 Rd7 26. h3 Qc6 27. Kh2
Rf7 28. Re3 b6 29. Rb1 Rb7 30. Rc1 bxc5 31. bxc5 Rc8 32. Rg3 g6 33. h4 Qe8 34.
h5 Ra7 35. c6 Rxc6 36. Qxa7 1-0

[Event "M.Chigorin Memorial 2013"]
[Site "St. Petersburg"]
[Date "2013.10.10"]
[Round "6.113"]
[White "Popov, Alexei"]
[Black "Halikov, Bulat"]
[Result "1-0"]
[WhiteElo "1858"]
[BlackElo "1611"]
[PlyCount "37"]
[EventDate "2013.10.05"]

1. e4 e5 2. Nf3 Nc6 3. Bc4 Bc5 4. O-O Nf6 5. d4 Bxd4 6. Nxd4 Nxd4 7. Bg5 h6 8.
Bh4 d6 9. f4 Be6 10. Na3 Qe7 11. c3 Nc6 12. Bd5 Bxd5 13. exd5 Nb8 14. Qb3 c6
15. fxe5 dxe5 16. d6 Qxd6 17. Qxb7 Qd7 18. Qxa8 Nd5 19. Qxb8+ 1-0

[Event "M.Chigorin Memorial 2013"]
[Site "St. Petersburg"]
[Date "2013.10.10"]
[Round "6.115"]
[White "Kiseleva, Arina"]
[Black "Tarakanova, Valeria"]
[Result "1-0"]
[WhiteElo "1992"]
[BlackElo "1775"]
[PlyCount "117"]
[EventDate "2013.10.05"]

1. d4 Nf6 2. Nf3 e6 3. c4 b6 4. Bf4 Bb7 5. e3 Be7 6. Be2 O-O 7. O-O Ne4 8. Nfd2
f5 9. Nxe4 Bxe4 10. f3 Bb7 11. Nc3 d6 12. Qd2 Nd7 13. Rfd1 g5 14. Bg3 Nf6 15.
d5 e5 16. f4 gxf4 17. exf4 e4 18. b4 Nd7 19. Bf2 a6 20. Rac1 c5 21. dxc6 Bxc6
22. Nd5 Bxd5 23. Qxd5+ Kh8 24. Bd4+ Bf6 25. Qxd6 Bxd4+ 26. Rxd4 Nf6 27. Qe5 Qe8
28. Qxf5 Rd8 29. Rxd8 Qxd8 30. Rd1 Qe7 31. c5 bxc5 32. bxc5 a5 33. Qe5 Re8 34.
Rd6 Qxe5 35. fxe5 Rxe5 36. Rxf6 Rxc5 37. a4 Rc2 38. Bb5 e3 39. g3 Kg7 40. Re6
e2 41. Rxe2 Rxe2 42. Bxe2 Kf6 43. Kf2 Ke5 44. Ke3 h6 45. g4 Kf6 46. Kf4 Kg6 47.
Bd3+ Kf6 48. h4 Kf7 49. Kf5 Kg7 50. g5 h5 51. Be2 Kf7 52. Bxh5+ Kg7 53. Bf3 Kf7
54. h5 Kg7 55. h6+ Kg8 56. Kf6 Kh7 57. g6+ Kxh6 58. g7 Kh7 59. Bd5 1-0

[Event "M.Chigorin Memorial 2013"]
[Site "St. Petersburg"]
[Date "2013.10.10"]
[Round "6.116"]
[White "Kunin, Pavel"]
[Black "Fokin, Anatoly"]
[Result "1-0"]
[WhiteElo "1880"]
[BlackElo "1765"]
[PlyCount "83"]
[EventDate "2013.10.05"]

1. e4 e5 2. Nf3 Nc6 3. Bc4 Be7 4. O-O Nf6 5. Re1 d6 6. h3 O-O 7. d4 exd4 8.
Nxd4 Nxd4 9. Qxd4 Be6 10. Nc3 Nd7 11. Nd5 Ne5 12. Nxe7+ Qxe7 13. Bf1 Qf6 14.
Be3 Qg6 15. Kh1 Bxh3 16. f4 Nc6 17. Qd2 Bg4 18. f5 Qh5+ 19. Kg1 Rfe8 20. Bf4
Ne5 21. a4 Re7 22. Ra3 Rb8 23. Rg3 Kh8 24. Ree3 f6 25. Rb3 b6 26. a5 Nd7 27.
Rxg4 Qxg4 28. Be2 Qh4 29. Rh3 Qxh3 30. gxh3 Rxe4 31. Bf3 Re7 32. Bd5 Ne5 33.
Kg2 bxa5 34. b3 Rb4 35. Qf2 Rb6 36. Be3 Rb5 37. Be6 g6 38. Qh4 g5 39. Qh6 Rb8
40. Qxf6+ Rg7 41. Kf2 g4 42. Bh6 1-0

[Event "M.Chigorin Memorial 2013"]
[Site "St. Petersburg"]
[Date "2013.10.10"]
[Round "6.117"]
[White "Golubeva, Maria"]
[Black "Stepanov, Andrey"]
[Result "1-0"]
[WhiteElo "1864"]
[BlackElo "1731"]
[PlyCount "49"]
[EventDate "2013.10.05"]

1. d4 Nf6 2. c4 g6 3. Nc3 Bg7 4. e4 d6 5. Be2 O-O 6. Bg5 c5 7. d5 h6 8. Bh4 Qa5
9. Qd2 g5 10. Bg3 g4 11. Bf4 h5 12. h3 gxh3 13. Nxh3 Ng4 14. f3 Nf6 15. Bh6 Kh7
16. Bxg7 Kxg7 17. Nf4 Rh8 18. Nxh5+ Nxh5 19. Qg5+ Kf8 20. Rxh5 Rg8 21. Qh6+ Ke8
22. Rg5 Rf8 23. Kf2 Nd7 24. Rh1 Nf6 25. Qxf8+ 1-0

[Event "M.Chigorin Memorial 2013"]
[Site "St. Petersburg"]
[Date "2013.10.10"]
[Round "6.118"]
[White "Stoliarenko, Ivan"]
[Black "Krasnikov, Mikhail"]
[Result "0-1"]
[WhiteElo "1724"]
[BlackElo "1846"]
[PlyCount "98"]
[EventDate "2013.10.05"]

1. e4 c5 2. Nf3 Nc6 3. d4 cxd4 4. Nxd4 g6 5. Nc3 Bg7 6. Be3 Nf6 7. Be2 O-O 8.
Qd2 d5 9. f3 e5 10. Nxc6 bxc6 11. exd5 cxd5 12. Bg5 Be6 13. g4 d4 14. Bxf6 Bxf6
15. Ne4 Bh4+ 16. Kf1 Bd5 17. Bd3 f5 18. gxf5 Rxf5 19. Qg2 Qb6 20. b3 Raf8 21.
Ke2 Rxf3 22. Qxf3 Rxf3 23. Kxf3 Bxe4+ 24. Bxe4 Qf6+ 25. Ke2 Qf2+ 26. Kd1 Qe3
27. Bd5+ Kg7 28. h3 Bg5 29. Rh2 Qg1+ 30. Ke2 Qxh2+ 31. Kd3 Qd2+ 32. Kc4 Qc3+
33. Kb5 Qxa1 34. a4 Bd8 35. Ka6 Bb6 36. Kb7 Qc3 37. b4 Qxb4 38. c3 dxc3 39. Ka8
Qf8+ 40. Kb7 Qe7+ 41. Ka6 c2 42. a5 Qa3 43. Kb7 Qxa5 44. Kc8 Qxd5 45. Kb8 c1=R
46. h4 Qd6+ 47. Ka8 Rc7 48. h5 gxh5 49. Kb8 Qd8# 0-1

[Event "M.Chigorin Memorial 2013"]
[Site "St. Petersburg"]
[Date "2013.10.10"]
[Round "6.119"]
[White "Khatenever, Feliks"]
[Black "Bezobrazov, Lev"]
[Result "1/2-1/2"]
[WhiteElo "1837"]
[BlackElo "1648"]
[PlyCount "144"]
[EventDate "2013.10.05"]

1. Nf3 d5 2. d4 Nf6 3. g3 e6 4. Bg2 Nbd7 5. O-O Bd6 6. c4 dxc4 7. Nfd2 c6 8.
Nxc4 Bc7 9. e4 h6 10. Nc3 O-O 11. e5 Ne8 12. Qg4 Qe7 13. Bxh6 f5 14. Qg6 Rf7
15. Bf4 Nf8 16. Qh5 g6 17. Qe2 g5 18. Bd2 Rh7 19. Qe3 Bd8 20. Rfe1 Qg7 21. Nd6
Nxd6 22. exd6 f4 23. gxf4 gxf4 24. Qxf4 Bf6 25. Qg3 Ng6 26. Ne4 Bxd4 27. Bc3
Bxc3 28. bxc3 Rh5 29. Rad1 Bd7 30. Re3 Rf8 31. Rf3 Rhf5 32. Rxf5 exf5 33. Nd2
f4 34. Qg5 Rf5 35. Qd8+ Kh7 36. Ne4 f3 37. Ng5+ Kh6 38. Nxf3 Rxf3 39. Bxf3 Nh4+
40. Kh1 Nxf3 41. Qe7 c5 42. Qxg7+ Kxg7 43. Kg2 Ne5 44. f4 Ng6 45. Kg3 b5 46.
Rd5 c4 47. h4 a5 48. Rc5 Nf8 49. f5 Nh7 50. Kf4 Kf6 51. a3 Nf8 52. Rc7 Bxf5 53.
Rb7 Bd7 54. h5 Ne6+ 55. Ke3 Nf8 56. Rb8 Nh7 57. Kd4 Ke6 58. Kc5 Nf6 59. h6 Kf7
60. a4 Bf5 61. axb5 Nd7+ 62. Kxc4 Nxb8 63. Kb3 Ke6 64. Ka4 Kxd6 65. Kxa5 Kc5
66. b6 Bd3 67. b7 Nc6+ 68. Ka4 Kc4 69. Ka3 Kxc3 70. Ka2 Kb4 71. Kb2 Kb5 72. Kc3
Be4 1/2-1/2

[Event "M.Chigorin Memorial 2013"]
[Site "St. Petersburg"]
[Date "2013.10.10"]
[Round "6.120"]
[White "Mikhaylov, Dimitri"]
[Black "Rubtsov, Daniil"]
[Result "1/2-1/2"]
[WhiteElo "1819"]
[BlackElo "1522"]
[PlyCount "82"]
[EventDate "2013.10.05"]

1. b4 d6 2. Bb2 e5 3. c4 Nf6 4. e3 g6 5. Nf3 Bg7 6. Be2 O-O 7. O-O c6 8. d4 e4
9. Nfd2 d5 10. Nc3 Be6 11. b5 Nbd7 12. a4 a6 13. Qb3 axb5 14. axb5 Qc7 15. c5
b6 16. bxc6 Qxc6 17. Bb5 Qc7 18. c6 Rxa1 19. Rxa1 Nb8 20. Qa4 Rc8 21. Rc1 Nxc6
22. Ncxe4 dxe4 23. Rxc6 Qb7 24. Qc2 Bd7 25. Rxc8+ Qxc8 26. Qxc8+ Bxc8 27. Bc6
Bf5 28. Nc4 Bd7 29. d5 b5 30. Na5 Bxc6 31. dxc6 Nd5 32. Bxg7 Kxg7 33. Nb3 Kf8
34. Nd4 Nc7 35. Kf1 Ke7 36. Ke2 Kd6 37. Kd2 Kc5 38. Kc3 Kb6 39. Kb4 Nd5+ 40.
Kb3 Nc7 41. Kb4 Nd5+ 1/2-1/2

[Event "M.Chigorin Memorial 2013"]
[Site "St. Petersburg"]
[Date "2013.10.10"]
[Round "6.122"]
[White "Shilnikov, Igor S"]
[Black "Gantsevich, Aleksey A"]
[Result "0-1"]
[WhiteElo "1818"]
[BlackElo "1614"]
[PlyCount "116"]
[EventDate "2013.10.05"]

1. b3 Nf6 2. Bb2 g6 3. e3 Bg7 4. d3 O-O 5. Nd2 d6 6. Be2 e5 7. g4 Nbd7 8. Bf3
Nc5 9. Qe2 Re8 10. h3 e4 11. Bg2 exd3 12. cxd3 d5 13. O-O-O a5 14. Ngf3 a4 15.
b4 Ne6 16. Be5 c5 17. bxc5 Nxc5 18. Nb1 Nfd7 19. Bxg7 Kxg7 20. Qb2+ Kg8 21. Nd4
Ne5 22. Bf1 Ra6 23. Nc3 Rb6 24. Qa3 Qe7 25. Nxd5 Ncxd3+ 26. Rxd3 Nxd3+ 27. Qxd3
Qc5+ 28. Nc2 Rd6 29. Bg2 Be6 30. e4 Bxd5 31. exd5 Qxf2 32. Be4 Qf4+ 33. Qe3
Qxe4 34. Re1 Qxe3+ 35. Rxe3 Red8 36. Nb4 Rxd5 37. Nxd5 Rxd5 38. Kb2 b5 39. Ka3
h5 40. gxh5 Rxh5 41. Kb4 Kg7 42. Rc3 Kh6 43. a3 Kg5 44. Kxb5 Rh4 45. Rd3 Re4
46. Rc3 Kh4 47. Rc7 Rf4 48. Rc3 f5 49. Rc6 g5 50. Rh6+ Kg3 51. Rh5 g4 52. h4
Kh3 53. Rh8 g3 54. h5 g2 55. Rg8 Rg4 56. Rxg4 Kxg4 57. h6 g1=Q 58. h7 Qh2 0-1

[Event "M.Chigorin Memorial 2013"]
[Site "St. Petersburg"]
[Date "2013.10.10"]
[Round "6.125"]
[White "Kvitko, Nikita"]
[Black "Klimentiev, Sergey"]
[Result "0-1"]
[WhiteElo "1788"]
[BlackElo "1877"]
[PlyCount "70"]
[EventDate "2013.10.05"]

1. b3 c5 2. Bb2 Nc6 3. e3 e6 4. f4 Nf6 5. Nf3 a6 6. a4 d5 7. d4 cxd4 8. Nxd4
Bb4+ 9. c3 Be7 10. Bd3 O-O 11. O-O Qc7 12. g4 e5 13. Nxc6 bxc6 14. f5 Bc5 15.
Bc1 e4 16. Bc2 Nd7 17. Qe2 Ne5 18. Nd2 Qa7 19. Nxe4 dxe4 20. Bxe4 Rb8 21. b4
Be7 22. h3 Bb7 23. Rb1 c5 24. Bxb7 Rxb7 25. b5 c4 26. Kg2 Qa8 27. e4 Nd3 28.
Be3 Bf6 29. Bd2 Rfb8 30. g5 Be5 31. Qh5 g6 32. Qh6 Bg7 33. Qh4 axb5 34. fxg6
fxg6 35. Qg4 Re7 0-1

[Event "M.Chigorin Memorial 2013"]
[Site "St. Petersburg"]
[Date "2013.10.10"]
[Round "6.126"]
[White "Klevets, Ksenia"]
[Black "Potapova, Tatiana"]
[Result "1-0"]
[WhiteElo "1872"]
[BlackElo "1636"]
[PlyCount "47"]
[EventDate "2013.10.05"]

1. e4 d6 2. d4 Nf6 3. Nc3 g6 4. Nge2 Bg7 5. g3 c6 6. a4 Nbd7 7. Bg2 O-O 8. h3
e5 9. Be3 Qc7 10. O-O Re8 11. g4 Nb6 12. b3 a5 13. Qd2 Bh8 14. Rad1 Ra6 15. Ng3
Qe7 16. Rfe1 Nfd7 17. f4 f6 18. d5 cxd5 19. Nxd5 Nxd5 20. Qxd5+ Qe6 21. Qxe6+
Rxe6 22. Bf1 Ra8 23. Bc4 Nc5 24. f5 1-0

[Event "M.Chigorin Memorial 2013"]
[Site "St. Petersburg"]
[Date "2013.10.10"]
[Round "6.127"]
[White "Rybakova, Polina"]
[Black "Soliva Ruiz, Ramon"]
[Result "1-0"]
[WhiteElo "1794"]
[BlackElo "1589"]
[PlyCount "38"]
[EventDate "2013.10.05"]

1. e4 c5 2. Nf3 d6 3. d4 cxd4 4. Nxd4 Nf6 5. Nc3 a6 6. Be2 Nc6 7. O-O h6 8. Be3
Bd7 9. Kh1 e6 10. f4 Be7 11. Qe1 Qc7 12. a3 e5 13. fxe5 Nxe5 14. Nf5 Bxf5 15.
Rxf5 g6 16. Rxf6 Bxf6 17. Nd5 Qxc2 18. Nxf6+ Kf8 19. Qb4 Qc7 1-0